000 00851nam a2200277Ia 4500
001 dia_1746
003 CHAP
005 20251021150846.0
008 220117s1968 xx 000 0 und d
010 _a172282
040 _cCHAP
082 _a630.972 M49 1968
110 _aMéxico : Secretaría de Agricultura y Ganadería
_977111
245 _aPlan Agrícola Nacional : etapa 1967-1968 /
_c Secretaría de Agricultura y Ganadería
260 _aMéxico :
_b SAG,
_c1968
300 _a147 p.
503 _aD.
590 _aHD1792 M49 1968
650 _aAgricultura
_xMéxico/
_9138811
650 _aGanadería
_xMéxico
_9137519
710 _aSecretaría de Agricultura y Ganadería
_9103539
901 _a630.972 M49 1968
902 _aM
905 _a5232271968 mx amn 8215223322spa16
942 _cLIBRO
_2ddc
999 _c172282
_d172282